000 nam a22 a 4500
999 _c2262
_d2262
005 20170515164744.0
008 170515b1996 my ||||| |||| 00| 0 may d
020 _a9794114421
040 _aAKMAL
082 _a380.1 CRA
090 _a380.1
_bCRA
100 _aDavid W. Cravens
_94770
245 _aPemasaran Strategis /
_cDavid W. Cravens
260 _aJakarta
_bPenerbit Elangga
_c1996
300 _a368 ms.
_ccm
942 _2ddc
_cBOOK